[Event "NRW Class1 1415"]
[Site "Germany"]
[Date "2015.02.08"]
[Round "6.7"]
[White "Niermann, Rainer"]
[Black "Pfeiffer, Stefan"]
[Result "1-0"]
[WhiteElo "2015"]
[BlackElo "2046"]
[PlyCount "55"]
[EventDate "2014.09.14"]
[EventType "team-tourn"]
[EventRounds "9"]
[EventCountry "GER"]
[SourceTitle "EXT 2017"]
[Source "ChessBase"]
[SourceDate "2016.10.25"]
[SourceVersion "1"]
[SourceVersionDate "2016.10.25"]
[SourceQuality "1"]
[WhiteTeam "Muenster II"]
[BlackTeam "Elberfeld"]
[WhiteTeamCountry "GER"]
[BlackTeamCountry "GER"]

1. e4 c6 2. c4 d5 3. cxd5 cxd5 4. exd5 Nf6 5. Nc3 Nxd5 6. Qb3 e6 7. d4 Nc6 8. Nf3 Be7 9. Bd3 0-0 10. 0-0 Bf6 11. Be3 a6 12. Rac1 Nxc3 13. bxc3 b5 14. a4 bxa4 15. Qxa4 Bd7 16. Qc2 h6 17. Qe2 a5 18. Bf4 Be7 19. Rfe1 Re8 20. Bb1 Bf8 21. Qd3 g6 22. h4 Qf6 23. Be5 Qe7 24. h5 f6 25. Qxg6+ Bg7 26. Bf4 Rec8 27. Bxh6 Qf7 28. Qh7+ 1-0

[Event "NRW Class1 1112"]
[Site "Germany"]
[Date "2012.03.04"]
[Round "7.8"]
[White "Pfeiffer, Stefan"]
[Black "Peerlings, Camiel"]
[Result "0-1"]
[WhiteElo "2009"]
[BlackElo "2204"]
[PlyCount "148"]
[EventDate "2011.09.18"]
[EventType "team-tourn"]
[EventRounds "9"]
[EventCountry "GER"]
[SourceTitle "EXT 2015"]
[Source "ChessBase"]
[SourceDate "2014.11.20"]
[SourceVersion "1"]
[SourceVersionDate "2014.11.20"]
[SourceQuality "1"]
[WhiteTeam "Elberfeld"]
[BlackTeam "Muelheim Nord II"]
[WhiteTeamCountry "GER"]
[BlackTeamCountry "GER"]

1. Nf3 d6 2. d4 Bg4 3. e4 g6 4. c3 Bg7 5. Be3 Nf6 6. Nbd2 0-0 7. Be2 Nbd7 8. 0-0 c5 9. h3 Bxf3 10. Bxf3 Rb8 11. a3 b5 12. b4 cxd4 13. cxd4 Nb6 14. Rc1 d5 15. e5 Nfd7 16. Nb3 e6 17. Na5 Nc4 18. Nc6 Qb6 19. Nxb8 Rxb8 20. a4 Bf8 21. axb5 Qxb5 22. Ra1 Rb7 23. Qa4 Qxb4 24. Qxb4 Bxb4 25. Ra6 Nb8 26. Ra4 a5 27. Rb1 Nd7 28. Be2 Ndb6 29. Ra2 Kf8 30. Bxc4 Nxc4 31. Kh2 Rc7 32. Rc2 Ra7 33. Bc1 Kg7 34. Kg3 Rc7 35. h4 Rc8 36. h5 Ra8 37. Kh4 Rc8 38. g4 Rb8 39. Kh3 Ra8 40. f4 Re8 41. Rg2 Bc3 42. Rb7 Bxd4 43. Ra2 Bc5 44. Bd2 Nxd2 45. Rxd2 Be3 46. Rc2 Bxf4 47. Rcc7 Rf8 48. Re7 Kg8 49. Ra7 Bxe5 50. Rxa5 Bf4 51. Ra4 e5 52. Rxf4 exf4 53. Rd7 g5 54. h6 Re8 55. Rxd5 f6 56. Rd7 Re3+ 57. Kh2 Rg3 58. Rg7+ Kf8 59. Rxh7 Rxg4 60. Kh3 Rh4+ 61. Kg2 Kg8 62. Rg7+ Kh8 63. Rg6 Kh7 64. Rxf6 Rxh6 65. Rf5 Kg6 66. Ra5 Rh7 67. Rb5 Ra7 68. Rb3 Kf5 69. Rb5+ Kg4 70. Rb2 Ra3 71. Rc2 Rg3+ 72. Kh2 Re3 73. Rg2+ Kh4 74. Ra2 f3 0-1

[Event "NRW Class1 0405"]
[Site "Germany"]
[Date "2004.12.12"]
[Round "4.4"]
[White "Bejaoui, Anis"]
[Black "Pfeiffer, Stefan"]
[Result "1/2-1/2"]
[WhiteElo "2177"]
[BlackElo "2020"]
[PlyCount "90"]
[EventDate "2004.10.10"]
[EventType "team-tourn"]
[EventRounds "9"]
[EventCountry "GER"]
[SourceTitle "EXT 2006"]
[Source "ChessBase"]
[SourceDate "2005.11.24"]
[SourceVersion "1"]
[SourceVersionDate "2005.11.24"]
[SourceQuality "1"]
[WhiteTeam "Werther"]
[BlackTeam "Gerresheim II"]
[WhiteTeamCountry "GER"]
[BlackTeamCountry "GER"]

1. e4 c6 2. d4 d5 3. e5 Bf5 4. Nc3 Qb6 5. g4 Bd7 6. Na4 Qc7 7. f4 e6 8. Nf3 Na6 9. Bxa6 Qa5+ 10. c3 Qxa6 11. Nc5 Bxc5 12. dxc5 Ne7 13. Nd4 b6 14. Nb3 f6 15. exf6 gxf6 16. Qd4 Rf8 17. Be3 e5 18. fxe5 fxe5 19. Qxe5 0-0-0 20. Qd4 Kb7 21. cxb6 axb6 22. Qb4 Kc8 23. Qxb6 Qxb6 24. Bxb6 Rde8 25. h3 Ng6+ 26. Kd2 Ne5 27. Bc5 Nc4+ 28. Kc1 Rg8 29. Nd4 h5 30. b3 Ne5 31. Kd2 hxg4 32. hxg4 Rxg4 33. Rag1 Reg8 34. Rxg4 Rxg4 35. Rh8+ Kc7 36. Rh7 Rg2+ 37. Ke3 Rxa2 38. Ne6+ Kc8 39. Rh8+ Kb7 40. Nd8+ Kc7 41. Rf8 Rb2 42. Nf7 Nxf7 43. Rxf7 Rxb3 44. Kd4 Rb1 45. Bb4 Ra1 1/2-1/2

[Event "NRW Class1 0405"]
[Site "Germany"]
[Date "2004.11.21"]
[Round "3.3"]
[White "Panchenko, Alexandar G"]
[Black "Pfeiffer, Stefan"]
[Result "1-0"]
[WhiteElo "2419"]
[BlackElo "2020"]
[PlyCount "89"]
[EventDate "2004.10.10"]
[EventType "team-tourn"]
[EventRounds "9"]
[EventCountry "GER"]
[SourceTitle "EXT 2006"]
[Source "ChessBase"]
[SourceDate "2005.11.24"]
[SourceVersion "1"]
[SourceVersionDate "2005.11.24"]
[SourceQuality "1"]
[WhiteTeam "Betzdorf Kirchen"]
[BlackTeam "Gerresheim II"]
[WhiteTeamCountry "GER"]
[BlackTeamCountry "GER"]

1. Nf3 c5 2. c4 Nc6 3. d4 cxd4 4. Nxd4 g6 5. e4 Bg7 6. Be3 d6 7. Nc3 Nf6 8. Be2 0-0 9. 0-0 Bd7 10. Qd2 Nxd4 11. Bxd4 Bc6 12. f3 Nd7 13. Be3 a5 14. Rab1 Nc5 15. Rfc1 f5 16. exf5 gxf5 17. Nd5 Rf7 18. Rd1 Qf8 19. Nc7 Ra7 20. Ne6 Qc8 21. Nxc5 dxc5 22. Qd8+ Rf8 23. Qxc8 Rxc8 24. Bxc5 Raa8 25. Bb6 e5 26. Kf2 Kf7 27. c5 Bf8 28. Rbc1 Kf6 29. b3 h5 30. f4 h4 31. fxe5+ Kxe5 32. Bf3 Be4 33. Rc4 Re8 34. Rd7 Rac8 35. a3 Be7 36. Bxe4 fxe4 37. Rxb7 Bg5 38. c6 a4 39. b4 Rf8+ 40. Ke2 Bf6 41. Bd4+ Kd5 42. Rc5+ Kd6 43. Rd7+ Ke6 44. Bxf6 Rxf6 45. Rd4 1-0

[Event "Oberliga NRW 0102 II"]
[Site "Germany"]
[Date "2002.05.05"]
[Round "9.7"]
[White "Pfeiffer, Stefan"]
[Black "Neumann, Carsten"]
[Result "0-1"]
[WhiteElo "2046"]
[BlackElo "2281"]
[PlyCount "88"]
[EventDate "2001.10.??"]
[EventType "team-tourn"]
[EventRounds "9"]
[EventCountry "GER"]
[SourceTitle "EXT 2004"]
[Source "ChessBase"]
[SourceDate "2003.11.25"]
[SourceVersion "1"]
[SourceVersionDate "2003.11.25"]
[SourceQuality "1"]
[WhiteTeam "Gerresheim"]
[BlackTeam "Dortmund Hansa"]
[WhiteTeamCountry "GER"]
[BlackTeamCountry "GER"]

1. Nf3 g6 2. d4 Bg7 3. Bf4 d6 4. c3 Nd7 5. e4 e5 6. dxe5 dxe5 7. Bg5 Ngf6 8. Nbd2 h6 9. Bh4 g5 10. Bg3 Nh5 11. Bc4 Nf4 12. 0-0 Bf6 13. Qc2 Qe7 14. a4 Nb6 15. Bb3 Bg4 16. a5 Nd7 17. a6 b6 18. Ba4 0-0 19. Nc4 Rad8 20. Ne3 Be6 21. Bxd7 Qxd7 22. Rfd1 Qb5 23. c4 Rxd1+ 24. Rxd1 Qxa6 25. h4 c6 26. hxg5 hxg5 27. Nh2 Qc8 28. b3 Be7 29. Rd2 Bb4 30. Rd1 f6 31. Nhf1 Bc5 32. Nf5 Bxf5 33. exf5 Rd8 34. Ne3 Nh5 35. Kh2 Ng7 36. Ng4 Rxd1 37. Qxd1 Nxf5 38. Nxf6+ Kf7 39. Qd7+ Qxd7 40. Nxd7 Nxg3 41. Nxc5 Nf1+ 42. Kg1 Nd2 43. Nd3 Ke6 44. Nc1 e4 0-1

[Event "Oberliga NRW 0102 II"]
[Site "Germany"]
[Date "2002.04.07"]
[Round "8.8"]
[White "Pfeiffer, Stefan"]
[Black "Gikas, Andreas Basilius"]
[Result "1-0"]
[WhiteElo "2046"]
[BlackElo "2247"]
[PlyCount "63"]
[EventDate "2001.10.??"]
[EventType "team-tourn"]
[EventRounds "9"]
[EventCountry "GER"]
[SourceTitle "EXT 2004"]
[Source "ChessBase"]
[SourceDate "2003.11.25"]
[SourceVersion "1"]
[SourceVersionDate "2003.11.25"]
[SourceQuality "1"]
[WhiteTeam "Gerresheim"]
[BlackTeam "Godesberg II"]
[WhiteTeamCountry "GER"]
[BlackTeamCountry "GER"]

1. Nf3 d5 2. g3 Nf6 3. b3 Bf5 4. Bg2 h6 5. c4 c6 6. d3 e6 7. 0-0 Bc5 8. Bb2 0-0 9. Qc2 Nbd7 10. Nc3 Re8 11. h3 Bh7 12. e4 dxe4 13. dxe4 Qc7 14. Kh2 e5 15. a3 a5 16. Nd2 Rad8 17. Na4 b5 18. Nxc5 Nxc5 19. cxb5 Rxd2 20. Qxd2 Nxb3 21. Qc2 Nxa1 22. Bxa1 c5 23. f3 Nd7 24. Rd1 Nb6 25. Qd3 f6 26. Bf1 Bg6 27. Qd6 Qb7 28. Bc3 Ra8 29. Qc6 Qxc6 30. bxc6 Be8 31. c7 Bd7 32. Rd6 1-0